Bienvenue à la Médiathèque de Saint-Andiol
banniere
Accueil Recherche avancée Mon compte
handi1 Rechercher dans le catalogue

Filtre   Mots-clés
  Recherche avancée
 
Lister les dernières nouveautés
 
Lister les livres GROS CARACTERES
 
Lister les périodiques (magazines)

handi1 personnage de roman (Un)

Book Cover
Auteur principal : Philippe Besson
Titre : personnage de roman (Un)
Support : Livres
Langue : Francais
Publié : 2017 Julliard Paris
Genre : Roman
Sujets : Macron, Emmanuel (1977-....)
Présidence de la République
Étiquettes :
Pas de tags
LEADER 01437nam0a2200217 450
001 16844607
010 |a 978-2-260-03007-2  |b br.  |d 18 € 
100 |a 20171230d2017 u u0frey01 ba 
101 0 |a fre 
102 |a FR 
200 0 |a personnage de roman (Un)  |f Philippe Besson 
207 1 |a   
210 |a Paris  |c Julliard  |d 2017 
215 |a 1 vol. (247 p.)  |c couv. ill. coul.  |d 21 cm 
330 |a '"Je connaissais Emmanuel Macron avant qu'il ne se décide à se lancer dans l'aventure d'une campagne présidentielle. Et quand il m'a exprimé son ambition d'accéder à l'Elysée, j'ai fait comme tout le monde : je n'y ai pas cru. J'ai pensé : ce n'est tout simplement pas possible. Pourtant, au fil des mois, au plus près de lui, de son épouse Brigitte et de son cercle rapproché, sur les routes de France comme dans l'intimité des tête-à-tête, j'ai vu cet impossible devenir un improbable, l'improbable devenir plausible, le plausible se transformer en une réalité. C'est cette épopée et cette consécration que je raconte. Parce qu'elles sont éminemment romanesques et parce que rien ne m'intéresse davantage que les personnages qui s'inventent un destin." 
600 0 |a Macron, Emmanuel (1977-....) 
610 0 |a Présidence de la République 
700 0 |a Besson  |b Philippe  |f 1967-....  |4 70 
900 |a Roman 
901 |a Adultes 
995 |a Médiathèque  |c Médiathèque  |f 089015743  |h 089015743  |k R BES  |o p  |q a  |r az  |e Médiathèque